000
00463nam a2200145Ia 4500
008
100204s9999 xx 000 0 und d
082
_b
16812
100
_a
जानराव देवीदास द.
245
_a
यशवंताची आई
260
_b
नीहारा प्रकाशन पुणे
_c
1993
300
_a
151
630
_a
यशवंताची आई
730
_a
यशवंताची आई
942
_c
BOOK
999
_c
461235
_d
461232